Stabilizáció és konvertibilitás.
Úvahy o prognózach a predstavách Ministerstva financií Maďarska na roky 1991-1994. Východiskové predpoklady a pozitíva a negatíva procesu transformácie ekonomiky. Demokratizácia spoločnosti, inflácia, náznaky oživenia, rast súkromného sektora. Základné body hospodárskej politiky - orientácie na súkr...
Na minha lista:
| Formato: | Capítulo de Livro |
|---|---|
| Idioma: | húngaro |
| Assuntos: | |
| Tags: |
Sem tags, seja o primeiro a adicionar uma tag!
|
MARC
| LEADER | 00000naa a2200000 4500 | ||
|---|---|---|---|
| 001 | r005450 | ||
| 005 | 20221125114035.0 | ||
| 041 | 0 | |a hun | |
| 044 | |a HU | ||
| 245 | 1 | 0 | |a Stabilizáció és konvertibilitás. |
| 520 | |a Úvahy o prognózach a predstavách Ministerstva financií Maďarska na roky 1991-1994. Východiskové predpoklady a pozitíva a negatíva procesu transformácie ekonomiky. Demokratizácia spoločnosti, inflácia, náznaky oživenia, rast súkromného sektora. Základné body hospodárskej politiky - orientácie na súkromné vlastníctvo, pokles úlohy štátu, export, kúpyschopný dopyt atď. | ||
| 610 | 2 | 0 | |a konvertibilita |
| 610 | 2 | 0 | |a reformy hospodárske |
| 610 | 2 | 0 | |a inflácia |
| 610 | 2 | 0 | |a politika hospodárska |
| 610 | 2 | 0 | |a prognózy hospodárske |
| 610 | 2 | 0 | |a MR |
| 610 | 2 | 0 | |a 1991-1994 |
| 610 | 2 | 0 | |a stabilizácia hospodárstva |